00727 a2200193 4500999001500000010001400015020002200029035001300051037001500064082001200079100001800091245011200109260003800221270009000259300002600349700001600375942003100391952011100422 c5132d5132 aENG-86747 c60.00a8179661830 aEN-70280 bDBAD / PUB14a153.122 aFogler, Janet1 aImproving your memory :cby Janet Fogler [and] Lynn Sternbhow to remember what you're starting to forget / aChennaibEmerald Publishersc2005 a15A, 1st Floor, Casa Major Road, Egmore,bChennaie600 008minfo@emeraldpublisers.com avii, 134pc22cm (pbk) aStern, Lynn adplcEN2ddch153.122mFOG 001040718NFICaDBADbDBADeDBAD/PUBg60.00l0o153.122 FOGpEN-70280r2008-09-15 00:00:00t1v60.00yEN